Am Wenigsten Fragile Amerikanische Länder - Statistiken

Allgemein
  • Dieses Quiz wurde 26 mal gespielt
  • Das Durchschnittsergebnis liegt bei 14 aus 20
Antwortstatistiken
Globaler Rang Resultat Land % Korrekt
172 18.6 Kanada
100%
141 44.5 Vereinigte Staaten
100%
146 41.1 Chile
92%
157 33.7 Uruguay
85%
142 44.2 Argentinien
81%
136 47.7 Panama
81%
140 44.7 Barbados
73%
150 39.4 Costa Rica
73%
105 61.5 Paraguay
69%
113 58.8 Suriname
69%
135 48 Bahamas
65%
90 68 Ecuador
65%
111 59.2 Guyana
65%
109 59.3 Jamaika
62%
108 60.2 Dominikanische Republik
58%
112 59.1 Kuba
54%
127 51.9 Antigua und Barbuda
50%
117 57 Belize
50%
125 53.5 Trinidad und Tobago
50%
127 51.9 Grenada
42%
Keine übereinstimmenden Quizze gefunden
Verteilung der Resultate
Anzahl Personen mit jedem Resultat
Perzentil nach korrekt beantworteten Fragen
Ihre Resultats-Entwicklung
Sie haben dieses Quiz noch nicht gespielt